Wszystkie stacje kolejowe w Polsce na mapie - Statystyki

Ogólne statystyki
  • Ten quiz został rozwiązany 77 razy
  • Średni wynik to 207 z 3021
Odpowiedzi na mapie
Odpowiedzi zakodowano w zielono-czerwonej skali na mapie do tego quizu, zgodnie z poniższymi procentami.
 
Statystyki odpowiedzi
Stacja % Poprawnych
Hel
62%
Katowice
51%
Reda
51%
Jastarnia
49%
Tarnów
49%
Warszawa Zachodnia
49%
Gdańsk Główny
46%
Gdynia Główna
46%
Jurata
46%
Koło
46%
Poznań Główny
46%
Świnoujście
46%
Tczew
46%
Warszawa Centralna
46%
Warszawa Wschodnia
46%
Władysławowo
46%
Cieszyn
43%
Częstochowa
43%
Gdańsk Wrzeszcz
43%
Gliwice
43%
Kalisz
43%
Kraków Główny
43%
Krosno
43%
Łódź Fabryczna
43%
Bydgoszcz Główna
41%
Bytom
41%
Kołobrzeg
41%
Kutno
41%
Puck
41%
Słupsk
41%
Sopot
41%
Wejherowo
41%
Chełm
38%
Dąbrowa Górnicza
38%
Gdańsk Oliwa
38%
Koszalin
38%
Krzyż
38%
Lębork
38%
Legionowo
38%
Łódź Widzew
38%
Rumia
38%
Środa Wielkopolska
38%
Szczecin Główny
38%
Tychy
38%
Ustka
38%
Warszawa Ochota
38%
Warszawa Śródmieście
38%
Wrocław Główny
38%
Zakopane
38%
Zawiercie
38%
Brzeg
35%
Iława Główna
35%
Jarocin
35%
Jasło
35%
Jawor
35%
Łask
35%
Leszno
35%
Łódź Kaliska
35%
Opole Główne
35%
Radom Główny
35%
Skierniewice
35%
Świętochłowice
35%
Szczecin Dąbie
35%
Toruń Główny
35%
Wieluń
35%
Zabrze
35%
Zielona Góra Główna
35%
Białystok
32%
Chałupy
32%
Częstochowa Stradom
32%
Goleniów
32%
Grodzisk Mazowiecki
32%
Jeleń
32%
Kalwaria Zebrzydowska
32%
Konin
32%
Kuźnica (Hel)
32%
Łeba
32%
Łowicz Główny
32%
Lublin Główny
32%
Malbork
32%
Międzyzdroje
32%
Mielno
32%
Milicz
32%
Myszków
32%
Nowy Targ
32%
Olsztyn Główny
32%
Opoczno
32%
Ostrów Wielkopolski
32%
Przemyśl Główny
32%
Ruda
32%
Rzeszów Główny
32%
Sól
32%
Stargard
32%
Sucha Beskidzka
32%
Warszawa Gdańska
32%
Zielonka
32%
Aleksandrów
30%
Bielsko-Biała Główna
30%
Bochnia
30%
Chojnice
30%
Ciechanów
30%
Gniezno
30%
Góra Kalwaria
30%
Gorzów Wielkopolski
30%
Grudziądz
30%
Kartuzy
30%
Kielce Główne
30%
Kluczbork
30%
Kostrzyn
30%
Kraków Płaszów
30%
Mława
30%
Nysa
30%
Piaseczno
30%
Piła Główna
30%
Pleszew
30%
Poronin
30%
Pruszków
30%
Puławy
30%
Racibórz
30%
Ruda Śląska
30%
Rybnik
30%
Sanok
30%
Skarżysko-Kamienna
30%
Sosnowiec Główny
30%
Świebodzin
30%
Warszawa Wileńska
30%
Włoszczowa
30%
Wolsztyn
30%
Września
30%
Zduńska Wola
30%
Żory
30%
Dębica
27%
Działdowo
27%
Ełk
27%
Gdynia Chylonia
27%
Gdynia Orłowo
27%
Głogów
27%
Inowrocław
27%
Jelenia Góra
27%
Kędzierzyn-Koźle
27%
Kościan
27%
Kościerzyna
27%
Łapy
27%
Lubliniec
27%
Międzyrzecz
27%
Mysłowice
27%
Nowy Dwór Mazowiecki
27%
Nowy Sącz
27%
Oława
27%
Oleśnica
27%
Ostrołęka
27%
Otwock
27%
Ożarów Mazowiecki
27%
Pabianice
27%
Pilawa
27%
Płock
27%
Prabuty
27%
Rawicz
27%
Siedlce
27%
Sławno
27%
Sochaczew
27%
Suwałki
27%
Szczytno
27%
Tarnowskie Góry
27%
Tłuszcz
27%
Tomaszów Mazowiecki
27%
Ustroń
27%
Warszawa Służewiec
27%
Warszawa Ursus
27%
Władysławowo Port
27%
Wołomin
27%
Zbąszyń
27%
Zbąszynek
27%
Zgierz
27%
Żyrardów
27%
Żywiec
27%
Augustów
24%
Będzin Miasto
24%
Braniewo
24%
Buk
24%
Chorzów Batory
24%
Chorzów Miasto
24%
Dęblin
24%
Elbląg
24%
Hajnówka
24%
Kamień Pomorski
24%
Kłodzko Główne
24%
Kobyłka
24%
Łańcut
24%
Łęczyca
24%
Legnica
24%
Łódź Chojny
24%
Łuków
24%
Maków
24%
Małkinia
24%
Mielec
24%
Mikołów
24%
Mińsk Mazowiecki
24%
Nowy Tomyśl
24%
Oborniki Śląskie
24%
Oświęcim
24%
Rabka-Zdrój
24%
Słubice
24%
Sucha Beskidzka Zamek
24%
Sulejówek
24%
Swarzędz
24%
Świnoujście Port
24%
Szydłów
24%
Terespol
24%
Toruń Miasto
24%
Warszawa Praga
24%
Warszawa Wola
24%
Włocławek
24%
Wodzisław Śląski
24%
Wyszków
24%
Zamość
24%
Żary
24%
Zgorzelec
24%
Białogard
22%
Błonie
22%
Bolesławiec
22%
Brzesko Okocim
22%
Bydgoszcz Wschód
22%
Chorzele
22%
Choszczno
22%
Giżycko
22%
Gubin
22%
Jastarnia Wczasy
22%
Kalwaria Zebrzydowska Lanckorona
22%
Kępno
22%
Kłodzko Miasto
22%
Koluszki
22%
Krotoszyn
22%
Krynica-Zdrój
22%
Kudowa-Zdrój
22%
Lipno
22%
Lubin
22%
Miastko
22%
Miechów
22%
Nałęczów
22%
Namysłów
22%
Olkusz
22%
Osie
22%
Ostrowy
22%
Ostrzeszów
22%
Piastów
22%
Prudnik
22%
Pruszcz Gdański
22%
Pszczyna
22%
Radzymin
22%
Ropczyce
22%
Rzepin
22%
Sędziszów
22%
Sieradz
22%
Słupca
22%
Stalowa Wola
22%
Starogard Gdański
22%
Wałbrzych Główny
22%
Warszawa Powiśle
22%
Warszawa Stadion
22%
Warszawa Targówek
22%
Warszawa Wesoła
22%
Warszawa Włochy
22%
Warszawa Zacisze-Wilno
22%
Ząbki
22%
Ząbkowice Śląskie
22%
Żagań
22%
Zagórz
22%
Zduńska Wola Karsznice
22%
Żmigród
22%
Aleksandrów Kujawski
19%
Biała Podlaska
19%
Busko-Zdrój
19%
Bydgoszcz Leśna
19%
Chabówka
19%
Chrzanów
19%
Ciechocinek
19%
Czechowice-Dziedzice
19%
Czersk
19%
Częstochowa Raków
19%
Człuchów
19%
Dąbrowa Górnicza Ząbkowice
19%
Darłowo
19%
Drawsko Pomorskie
19%
Gdańsk Śródmieście
19%
Gostynin
19%
Grodzisk Wielkopolski
19%
Gryfice
19%
Jarosław
19%
Kalisz Pomorski
19%
Karpacz
19%
Katowice Ligota
19%
Kłobuck
19%
Knurów
19%
Kórnik
19%
Kraków Nowa Huta
19%
Kuźnia Raciborska
19%
Kwidzyn
19%
Łąg
19%
Modlin
19%
Mosina
19%
Muszyna
19%
Nowa Sól
19%
Opoczno Południe
19%
Ostróda
19%
Ozorków
19%
Piotrków Trybunalski
19%
Płońsk
19%
Poznań Starołęka
19%
Pyskowice
19%
Sandomierz
19%
Sędziszów Małopolski
19%
Sierpc
19%
Solec Kujawski
19%
Sopot Wyścigi
19%
Środa Śląska
19%
Starachowice
19%
Strzelce Opolskie
19%
Sulechów
19%
Świnoujście Centrum
19%
Szamotuły
19%
Szczecinek
19%
Toruń Wschodni
19%
Trzebnica
19%
Tuchola
19%
Ustrzyki Dolne
19%
Wadowice
19%
Wągrowiec
19%
Wałbrzych Miasto
19%
Warszawa Aleje Jerozolimskie
19%
Warszawa Anin
19%
Warszawa Główna
19%
Warszawa Koło
19%
Warszawa Lotnisko Chopina
19%
Warszawa Wawer
19%
Warszawa ZOO
19%
Warszawa Żwirki i Wigury
19%
Włodawa
19%
Wolin
19%
Wrocław Mikołajów
19%
Wrocław Nadodrze
19%
Wrocław Psie Pole
19%
Wschowa
19%
Złotów
19%
Andrychów
16%
Babimost
16%
Baby
16%
Będzin Ksawera
16%
Biały Dunajec
16%
Bielsk Podlaski
16%
Biłgoraj
16%
Brodnica
16%
Brzeg Dolny
16%
Chabówka Stadion
16%
Chojna
16%
Czyżew
16%
Dobre Miasto
16%
Dzierżoniów Śląski
16%
Garwolin
16%
Gdańsk Przymorze-Uniwersytet
16%
Gdańsk Stocznia
16%
Gdańsk Zaspa
16%
Gdynia Redłowo
16%
Głowno
16%
Gorzów Wielkopolski Wschodni
16%
Gryfino
16%
Halinów
16%
Imielin
16%
Jabłonowo Pomorskie
16%
Jaworzno Szczakowa
16%
Jędrzejów
16%
Jelcz-Laskowice
16%
Józefów
16%
Kamieniec Ząbkowicki
16%
Kamienna Góra
16%
Katowice Piotrowice
16%
Katowice Szopienice Południowe
16%
Kętrzyn
16%
Kobylnica
16%
Końskie
16%
Korsze
16%
Kostrzyn Wielkopolski
16%
Krosno Odrzańskie
16%
Kunów
16%
Kutno Azory
16%
Łobez
16%
Łochów
16%
Łódź Pabianicka
16%
Łódź Żabieniec
16%
Lublin Zachodni
16%
Luboń koło Poznania
16%
Maków Podhalański
16%
Międzylesie
16%
Mieszków
16%
Nakło nad Notecią
16%
Nasielsk
16%
Nisko
16%
Nowa Ruda
16%
Nowogard
16%
Olsztyn Zachodni
16%
Ostrowiec Świętokrzyski
16%
Otmuchów
16%
Paczków
16%
Pisz
16%
Polanica-Zdrój
16%
Poznań Dębiec
16%
Poznań Wschód
16%
Przeworsk
16%
Pszczółki
16%
Puszczykowo
16%
Radomsko
16%
Rębiechowo
16%
Reda Rekowo
16%
Ryki
16%
Serock
16%
Siemiatycze
16%
Sopot Kamienny Potok
16%
Stary Sącz
16%
Strzelin
16%
Sulejówek Miłosna
16%
Świdnica Miasto
16%
Świdwin
16%
Szklarska Poręba Średnia
16%
Sztum
16%
Szydłowiec
16%
Tarnobrzeg
16%
Trzebinia
16%
Wąbrzeźno
16%
Wałcz
16%
Warka
16%
Warszawa Grochów
16%
Warszawa Młynów
16%
Warszawa Okęcie
16%
Warszawa Powązki
16%
Warszawa Raków
16%
Warszawa Rakowiec
16%
Warszawa Rembertów
16%
Warszawa Ursus Niedźwiadek
16%
Węgliniec
16%
Wejherowo-Nanice
16%
Wejherowo Śmiechowo
16%
Wieruszów Miasto
16%
Włoszczowa Północ
16%
Wołomin Słoneczna
16%
Wronki
16%
Zegrze Południowe
16%
Biskupice
14%
Bojanowo
14%
Byczyna Kluczborska
14%
Chałupki
14%
Chełmża
14%
Czaplinek
14%
Czempiń
14%
Czerwieńsk
14%
Czerwionka
14%
Dobczyn
14%
Dobiegniew
14%
Drużyna Poznańska
14%
Duszniki-Zdrój
14%
Gdańsk Brętowo
14%
Gdańsk Jasień
14%
Gdańsk Orunia
14%
Gdańsk Osowa
14%
Gdańsk Politechnika
14%
Gdańsk Rębiechowo
14%
Gdańsk Strzyża
14%
Gdańsk Żabianka-AWFiS
14%
Gdynia Cisowa
14%
Gdynia Stadion
14%
Gliwice Łabędy
14%
Głogówek
14%
Gołańcz
14%
Gorlice
14%
Grabowno Wielkie
14%
Grajewo
14%
Hrubieszów Miasto
14%
Jastrowie
14%
Jaworzyna Śląska
14%
Kaliska
14%
Kamieńsk
14%
Kąty Wrocławskie
14%
Kobiór
14%
Kozy
14%
Łąck
14%
Łódź Retkinia
14%
Lubartów
14%
Lublin Północny
14%
Mława Miasto
14%
Mogilno
14%
Mońki
14%
Morąg
14%
Nieporęt
14%
Oborniki Wielkopolskie
14%
Opalenica
14%
Opole Zachodnie
14%
Orzesze
14%
Pasłęk
14%
Pelplin
14%
Piława Górna
14%
Płoty
14%
Pobiedziska
14%
Poraj
14%
Poznań Garbary
14%
Poznań Junikowo
14%
Poznań Wola
14%
Puławy Miasto
14%
Raba Wyżna
14%
Rogów
14%
Rogoźno Wielkopolskie
14%
Ruda Chebzie
14%
Rumia Janowo
14%
Rypin
14%
Skawina
14%
Sokółka
14%
Spała
14%
Stryków
14%
Świebodzice
14%
Świnoujście Warszów
14%
Szczecin Port Centralny
14%
Szklarska Poręba Dolna
14%
Szklarska Poręba Górna
14%
Toruń Kluczyki
14%
Ustka Uroczysko
14%
Ustronie Morskie
14%
Warszawa Falenica
14%
Warszawa Gocławek
14%
Warszawa Mokry Ług
14%
Warszawa Olszynka Grochowska
14%
Warszawa Płudy
14%
Warszawa Śródmieście WKD
14%
Warszawa Toruńska
14%
Warszawa Wola Grzybowska
14%
Warszawa Żerań
14%
Wieluń Dąbrowa
14%
Wisła Głębce
14%
Wisła Uzdrowisko
14%
Wołów
14%
Wrocław Nowy Dwór
14%
Zamość Starówka
14%
Zator
14%
Zduny
14%
Zdzieszowice
14%
Złocieniec
14%
Żukowo
14%
Zwardoń
14%
Augustów Port
11%
Bardo Śląskie
11%
Biały Bór
11%
Biały Kościół
11%
Białystok Zielone Wzgórza
11%
Bielawa Centralna
11%
Bielin
11%
Bierawa
11%
Bierutów
11%
Blachownia
11%
Bogdaniec
11%
Brusy
11%
Brzeziny
11%
Bydgoszcz Fordon
11%
Bystrzyca Kłodzka
11%
Chodzież
11%
Chorzew Siemkowice
11%
Chorzów Stary
11%
Chorzów Uniwersytet
11%
Cieszków
11%
Czachówek Górny
11%
Czachówek Południowy
11%
Czachówek Wschodni
11%
Czarna Woda
11%
Częstochowa Aniołów
11%
Dąbrowa Górnicza Sikorka
11%
Długołęka
11%
Dorohusk
11%
Drawski Młyn
11%
Gądki
11%
Gdańsk Firoga
11%
Gdańsk Kiełpinek
11%
Gdańsk Kokoszki
11%
Gdańsk Matarnia
11%
Gdańsk Niedźwiednik
11%
Gdańsk Port Lotniczy
11%
Gdynia Grabówek
11%
Gdynia Karwiny
11%
Gdynia Wzgórze Świętego Maksymiliana
11%
Głuchołazy
11%
Goczałków
11%
Gogolin
11%
Goleszów
11%
Grodzisk Mazowiecki Radońska
11%
Inowrocław Rąbinek
11%
Iwin
11%
Jedlicze
11%
Jelcz Miłoszyce
11%
Kalisz Winiary
11%
Katowice Załęże
11%
Katowice Zawodzie
11%
Kęty
11%
Kiekrz
11%
Klembów
11%
Kobylin
11%
Kolbuszowa
11%
Kołobrzeg Amfiteatr
11%
Kolumna
11%
Koniecpol
11%
Kowalewo Pomorskie
11%
Kowary
11%
Kraków Grzegórzki
11%
Kraśnik
11%
Krusze
11%
Krzeszowice
11%
Łagów
11%
Laliki
11%
Laskowice Pomorskie
11%
Łazy
11%
Legionowo Przystanek
11%
Leszczyny
11%
Lewin Brzeski
11%
Leżajsk
11%
Łódź Dąbrowa
11%
Łódź Lublinek
11%
Łódź Niciarniana
11%
Łowicz Przedmieście
11%
Medyka
11%
Miasteczko Śląskie
11%
Miękinia
11%
Mikołów Jamna
11%
Milanów
11%
Mokra
11%
Murowana Goślina
11%
Nędza
11%
Nidzica
11%
Niedźwiedź
11%
Niemcza
11%
Nowe Drezdenko
11%
Oleśnica Rataje
11%
Olesno Śląskie
11%
Olsztynek
11%
Olza
11%
Opole Groszowice
11%
Otwock Świder
11%
Paczyna
11%
Parczew
11%
Pasym
11%
Pawłowice
11%
Pępowo
11%
Piasek
11%
Pierzchno
11%
Pionki
11%
Piotrków Kujawski
11%
Płock Radziwie
11%
Poznań Dębina
11%
Pruszków WKD
11%
Przemyśl Zasanie
11%
Pustków
11%
Pyrzowice Lotnisko
11%
Rejowiec
11%
Rokiciny
11%
Ruciane-Nida
11%
Rudnik
11%
Rydułtowy
11%
Sieradz Męka
11%
Sieradz Warta
11%
Siewierz
11%
Skoki
11%
Śniadowo
11%
Sobótka
11%
Stare Bojanowo
11%
Susz
11%
Świeradów-Zdrój
11%
Szepietowo
11%
Trzcianka
11%
Trzebiatów
11%
Trzemeszno
11%
Tychy Lodowisko
11%
Tychy Żwaków
11%
Wąchock
11%
Wałbrzych Centrum
11%
Wałbrzych Szczawienko
11%
Warszawa Dawidy
11%
Warszawa Gołąbki
11%
Warszawa Radość
11%
Warszawa Ursus Północny
11%
Warszawa Zachodnia WKD
11%
Wasilków
11%
Wieliszew
11%
Wolbrom
11%
Wrocław Brochów
11%
Wrocław Grabiszyn
11%
Wrocław Popowice
11%
Wrocław Stadion
11%
Wrocław Swojczyce
11%
Wysoka Kamieńska
11%
Żabno
11%
Zagościniec
11%
Zduńska Wola Południowa
11%
Zebrzydowice
11%
Ziębice
11%
Zielonka Bankowa
11%
Żukowo Wschodnie
11%
Żukowo Zachodnie
11%
Zwierzyn
11%
Babiak
8%
Bednary
8%
Bedoń
8%
Bielawa Zachodnia
8%
Bielsko-Biała Lipnik
8%
Bierzwnik
8%
Błotnica
8%
Boguszów-Gorce
8%
Brwinów
8%
Bukowno
8%
Bytom Karb
8%
Cegłów
8%
Celestynów
8%
Chechło
8%
Chocicza
8%
Chociszew
8%
Chojnów
8%
Chruszczobród
8%
Chybie
8%
Cierpice
8%
Cierpice Kąkol
8%
Cieszyn Uniwersytet
8%
Czarne
8%
Czeremcha
8%
Czernica Wrocławska
8%
Czerwionka Dębieńsko
8%
Dąbkowizna
8%
Dąbrowa Białostocka
8%
Dąbrowa Górnicza Gołonóg
8%
Dąbrowa Górnicza Pogoria
8%
Dąbrowa Niemodlińska
8%
Deszczno
8%
Dobroń
8%
Dopiewo
8%
Dzierżążno
8%
Dziwno
8%
Fosowskie
8%
Gdańsk Lipce
8%
Gdynia Leszczynki
8%
Gierwaty
8%
Golina
8%
Gorzów Wielkopolski Karnin
8%
Gorzów Wielkopolski Wieprzyce
8%
Gorzów Wielkopolski Zamoście
8%
Grodków Śląski
8%
Grzegorzewo
8%
Henryków
8%
Herby Nowe
8%
Herby Stare
8%
Huta
8%
Iława Miasto
8%
Iłowiec
8%
Iwiny
8%
Jaktorów
8%
Janków Przygodzki
8%
Jasienica Mazowiecka
8%
Jastrząb
8%
Jordanów
8%
Kaczkowo
8%
Katowice Podlesie
8%
Kliniska
8%
Kobyłka Ossów
8%
Kobylnica Słupska
8%
Kolin
8%
Kolno
8%
Korzybie
8%
Kozłów
8%
Koźmin Wielkopolski
8%
Krajenka
8%
Kraków Bieżanów
8%
Kraków Łagiewniki
8%
Kraków Lotnisko
8%
Kraków Mydlniki
8%
Kraków Prokocim
8%
Kraków Zabłocie
8%
Krośnice
8%
Krzyżanowice
8%
Kunowice
8%
Kurpie
8%
Kuźnica Białostocka
8%
Łagiewniki
8%
Łaziska Górne
8%
Łaziska Górne Brada
8%
Łaziska Średnie
8%
Legionowo Piaski
8%
Łęka Opatowska
8%
Lewin Kłodzki
8%
Leźno
8%
Libiąż
8%
Lipce Reymontowskie
8%
Lipinki
8%
Lipki
8%
Lipno Nowe
8%
Łódź Arturówek
8%
Łódź Olechów Wschód
8%
Łódź Olechów Zachód
8%
Łódź Radogoszcz Wschód
8%
Łódź Radogoszcz Zachód
8%
Łódź Warszawska
8%
Łomnica
8%
Łosiów
8%
Lubaczów
8%
Lubań Śląski
8%
Lubawka
8%
Lubiewo
8%
Lucynów
8%
Małomice
8%
Marcinków
8%
Męcikał
8%
Michałowice
8%
Michałów-Reginów
8%
Międzyborów
8%
Międzybórz Sycowski
8%
Międzyrzec Podlaski
8%
Mieroszów
8%
Mieszkowice
8%
Mietków
8%
Milanówek
8%
Miłosław
8%
Mordy
8%
Morze
8%
Mostówka
8%
Mrzezino
8%
Muszyna Zdrój
8%
Mysłaków
8%
Nędza Wieś
8%
Nowa Wieś Lęborska
8%
Nowe Skalmierzyce
8%
Oborniki Wielkopolskie Miasto
8%
Okonek
8%
Oława Zachodnia
8%
Opacz
8%
Opatówek
8%
Opole Grotowice
8%
Opole Wschodnie
8%
Orzesze Jaśkowice
8%
Ozorków Nowe Miasto
8%
Pabianice Północne
8%
Parzniew
8%
Piechowice
8%
Pieniężno
8%
Pieńsk
8%
Piła Kalina
8%
Pionki Zachodnie
8%
Piwniczna
8%
Piwniczna-Zdrój
8%
Pobiedziska Letnisko
8%
Poręba
8%
Poronin Misiagi
8%
Potęgowo
8%
Poznań Górczyn
8%
Poznań Krzesiny
8%
Przygodzice
8%
Przysucha
8%
Puszczykówko
8%
Rabka Zaryte
8%
Raciąż
8%
Racibórz Markowice
8%
Radlin Obszary
8%
Radlin Wielkopolski
8%
Radom Wschodni
8%
Reda Pieleszewo
8%
Reguły
8%
Reptowo
8%
Rybienko
8%
Rybnik Niedobczyce
8%
Rybnik Niewiadom
8%
Rybnik Paruszowiec
8%
Rybnik Piaski
8%
Rybnik Towarowy
8%
Rzepin Miasto
8%
Santok
8%
Sątopy
8%
Ścinawa
8%
Sieniawa
8%
Skierniewice Rawka
8%
Skwierzyna
8%
Słomniki
8%
Smętowo
8%
Solec Wielkopolski
8%
Sól Kiczora
8%
Sosnowiec Dańdówka
8%
Sosnowiec Jęzor Południowy
8%
Sosnowiec Południowy
8%
Stalowa Wola Centrum
8%
Stalowa Wola Rozwadów
8%
Stara Piła
8%
Stęszew
8%
Stronie
8%
Suchedniów
8%
Sulęcinek
8%
Sumina
8%
Świdnik Miasto
8%
Święta Katarzyna
8%
Szaflary
8%
Szaflary Centrum
8%
Szczecin Gumieńce
8%
Szczecin Łasztownia
8%
Szczecin Zdroje
8%
Szczecin Zdunowo
8%
Szczejkowice
8%
Szczytna
8%
Szlachta
8%
Szymany
8%
Szymany Lotnisko
8%
Terespol Pomorski
8%
Tomaszów Mazowiecki Białobrzegi
8%
Topór
8%
Torzym
8%
Trzcińsko
8%
Tunel
8%
Turów
8%
Twardogóra
8%
Tychy Aleja Bielska
8%
Urle
8%
Wałbrzych Fabryczny
8%
Warszawa Choszczówka
8%
Warszawa Miedzeszyn
8%
Warszawa Ochota WKD
8%
Węgierska Górka
8%
Węgry
8%
Wieleń
8%
Wieliszew Centrum
8%
Wierzchucin
8%
Wiesiółka
8%
Wieżyca
8%
Wilkowice
8%
Wiry
8%
Witaszyce
8%
Wodzisław Śląski Centrum
8%
Wodzisław Śląski Radlin
8%
Wołczyn
8%
Wrocław Kuźniki
8%
Wrocław Leśnica
8%
Wrocław Muchobór
8%
Wrocław Osobowice
8%
Wrocław Pracze
8%
Wrocław Różanka
8%
Wrocław Sołtysowice
8%
Wrocław Świniary
8%
Wrocław Zachodni
8%
Wyry
8%
Zabrzeg
8%
Zaklików
8%
Żarów
8%
Zator Park Rozrywki
8%
Zawadzkie
8%
Zawiercie Borowe Pole
8%
Zembrzyce
8%
Zgierz Jaracza
8%
Zgierz Północ
8%
Zgorzelec Miasto
8%
Zielona Góra Nowy Kisielin
8%
Zielona Góra Przylep
8%
Zielona Góra Stary Kisielin
8%
Złotniki
8%
Żychlin
8%
Antonin
5%
Bańska Niżna
5%
Bardo Przyłęk
5%
Bełchów
5%
Bełżec
5%
Biała Piska
5%
Białystok Fabryczny
5%
Białystok Nowe Miasto
5%
Białystok Starosielce
5%
Biecz
5%
Bielany Wrocławskie
5%
Bielawa Góry Sowie
5%
Bielawa Jezioro
5%
Biniew
5%
Biskupice koło Kluczborka
5%
Biskupice Oławskie
5%
Błaszki
5%
Błonie Rokitno
5%
Błotnica Strzelecka
5%
Bobrowniki
5%
Boguchwała
5%
Boguszów-Gorce Wschód
5%
Boguszów-Gorce Zachód
5%
Boleszkowice
5%
Borkowo
5%
Borowa Oleśnicka
5%
Boża Wola
5%
Bożepole Wielkie
5%
Bratoszewice
5%
Bronów
5%
Brzeszcze
5%
Brzeszcze Jawiszowice
5%
Brzezinka Średzka
5%
Brzoza Bydgoska
5%
Brzoza Toruńska
5%
Budzyń
5%
Bukowice Trzebnickie
5%
Bydgoszcz Brdyujście
5%
Bydgoszcz Osowa Góra
5%
Bydgoszcz Politechnika
5%
Bydgoszcz Zachód
5%
Bytom Odrzański
5%
Charsznica
5%
Chełmek
5%
Chełm Miasto
5%
Chocianów
5%
Chociwel
5%
Chrzanów Śródmieście
5%
Cisie
5%
Czarna Białostocka
5%
Czarnca
5%
Czechowice-Dziedzice Południowe
5%
Czechowice-Dziedzice Przystanek
5%
Czekanów
5%
Czerna
5%
Czerna Mała
5%
Czerniejewo
5%
Czerwonak
5%
Dąbrowa Górnicza Strzemieszyce
5%
Dąbrowa Górnicza Wschodnia
5%
Dąbrowa Oleśnicka
5%
Dalekie
5%
Damnica
5%
Daniszyn
5%
Dobroszyce
5%
Dobrzykowice Wrocławskie
5%
Dobrzyń
5%
Dolice
5%
Dolna Odra
5%
Domaniewice
5%
Domaniewice Centrum
5%
Domanin
5%
Domasław
5%
Drawiny
5%
Drzewica
5%
Działoszyn
5%
Ełk Szyba Wschód
5%
Ełk Szyba Zachód
5%
Frysztak
5%
Gąbin
5%
Gądków Wielki
5%
Garbce
5%
Garczegorze
5%
Gardeja
5%
Garki
5%
Gawrony
5%
Gdańsk Stadion Expo
5%
Gdynia Stocznia - Uniwersytet Morski
5%
Geniusze
5%
Glinnik
5%
Glinnik Wieś
5%
Gliwice Kuźnica
5%
Głogów Małopolski
5%
Głogów Wróblin
5%
Głuszyca
5%
Gniewkowo
5%
Goczałkowice
5%
Goczałkowice-Zdrój
5%
Godętowo
5%
Górażdże
5%
Górka Duchowna
5%
Górki Śląskie
5%
Gorzów Wielkopolski Zieleniec
5%
Gorzupia
5%
Górzyca
5%
Gorzyca
5%
Gościcino Wejherowskie
5%
Goworowo
5%
Gozdowo
5%
Granowiec
5%
Grotniki
5%
Grudziądz Mniszek
5%
Grudziądz Przedmieście
5%
Grudziądz Rządz
5%
Gryfów Śląski
5%
Grzędzice
5%
Iłowo
5%
Imbramowice
5%
Jacków
5%
Jackowice
5%
Janowice Wielkie
5%
Jarosty
5%
Jaroszowiec Olkuski
5%
Jasionna Łowicka
5%
Jastrząbka
5%
Jaworzno Ciężkowice
5%
Jedlnia-Letnisko
5%
Jelenia Góra Cieplice
5%
Jelenia Góra Zabobrze
5%
Jeleśnia
5%
Jerzmanice Lubuskie
5%
Justynów
5%
Kaczory
5%
Kalety
5%
Kaliska Kujawskie
5%
Kalisz Szczypiorno
5%
Kały
5%
Kamień Łowicki
5%
Kamień Mały
5%
Karlino
5%
Kędzierzyn-Koźle Azoty
5%
Kędzierzyn-Koźle Zachodnie
5%
Kępice
5%
Kielce Białogon
5%
Kielce Herbskie
5%
Kiełpino Kartuskie
5%
Klimontów
5%
Kłodawa
5%
Kłodzko Książek
5%
Kobierzyce
5%
Kołobrzeg Ogrody
5%
Kołobrzeg Stadion
5%
Kolonowskie
5%
Komańcza
5%
Koniecpol Centrum
5%
Końskowola
5%
Kornelin
5%
Korzeńsko
5%
Koszalin Politechnika
5%
Koszalin Wschodni
5%
Kotlin
5%
Kraków Batowice
5%
Kraków Bieżanów Drożdżownia
5%
Kraków Bonarka
5%
Kraków Bronowice
5%
Kraków Łobzów
5%
Kraków Mydlniki Wapiennik
5%
Kraków Sanktuarium
5%
Kraków Sidzina
5%
Kraków Złocień
5%
Krasnystaw Miasto
5%
Krobia
5%
Krosno Miasto
5%
Krosno Polanka
5%
Krosnowa
5%
Kulin Kłodzki
5%
Kunice
5%
Kwiatki
5%
Łąkociny
5%
Łapy Osse
5%
Lasek
5%
Łaskarzew
5%
Laski
5%
Łaznów
5%
Lębork Mosty
5%
Lędziechowo
5%
Łęgowo Sulechowskie
5%
Leszczydół
5%
Leszno Grzybowo
5%
Lipinki Łużyckie
5%
Lipusz
5%
Lisewo
5%
Lisów
5%
Lizawice
5%
Łódź Andrzejów
5%
Łódź Andrzejów Szosa
5%
Łódź Marysin
5%
Łódź Olechów Wiadukt
5%
Łódź Stoki
5%
Łomnica Dolna
5%
Lubin Stadion
5%
Lublin Zadębie
5%
Lubnia
5%
Lubycza Królewska
5%
Łuczyce
5%
Łuków Zapowiednik
5%
Łupków
5%
Luzino
5%
Maksymilianowo
5%
Malczyce
5%
Malichy
5%
Marcinkowo
5%
Marcinowice Świdnickie
5%
Marciszów
5%
Miedwiecko
5%
Mierzęcin
5%
Miłobądz
5%
Mirków
5%
Mirsk
5%
Mokra Wieś
5%
Mokronos Górny
5%
Mokrz
5%
Mordy Miasto
5%
Morzyca
5%
Mościsko Dzierżoniowskie
5%
Moszczenica
5%
Mrozy
5%
Mścice
5%
Mysłakowice
5%
Myszków Mrzygłód
5%
Myszków Nowa Wieś
5%
Nakło Śląskie
5%
Niedoradz
5%
Niedźwiedź Wielkopolski
5%
Niemce
5%
Niemojki
5%
Nowa Iwiczna
5%
Nowa Sarzyna
5%
Nowa Sucha
5%
Nowawieś Mochy
5%
Nowa Wieś Wielka
5%
Nowiny
5%
Nowiny Wielkie
5%
Nowogród Bobrzański
5%
Nowy Jarosław
5%
Obłaczkowo
5%
Oborzyska Stare
5%
Obra Stara
5%
Ociąż
5%
Odolanów
5%
Olsztyn Jezioro Ukiel
5%
Opole Czarnowąsy
5%
Orneta
5%
Orzechowo
5%
Orzesze Miasto
5%
Osina
5%
Osola
5%
Ostromecko
5%
Ostrówek Węgrowski
5%
Ostrów Wielkopolski Gorzyce
5%
Otmuchów Jezioro
5%
Otomino
5%
Otusz
5%
Ozimek
5%
Panki
5%
Parciaki
5%
Parczew Kolejowa
5%
Parlin
5%
Pasieki
5%
Pasikurowice
5%
Pawłowice Śląskie Centrum
5%
Pawłów Wielkopolski
5%
Pęgów
5%
Pępowo Kartuskie
5%
Piasecznica
5%
Pierwoszów Miłocin
5%
Platerów
5%
Płochocin
5%
Płyćwia
5%
Poniec
5%
Port Lotniczy Szczecin Goleniów
5%
Potok
5%
Powałki
5%
Powodowo
5%
Poznań Antoninek
5%
Poznań Karolin
5%
Poznań Strzeszyn
5%
Prabuty Góry
5%
Prostyń
5%
Przecza
5%
Przedmoście Święte
5%
Przerzeczyn Zdrój
5%
Przetycz
5%
Przysieka Stara
5%
Przyszowice
5%
Pszenno
5%
Ptaszkowo
5%
Puławy Azoty
5%
Pustków Żurawski
5%
Pyzówka
5%
Radom Gołębiów
5%
Radom Północny
5%
Radom Potkanów
5%
Radom Stara Wola
5%
Radów
5%
Raduń
5%
Radzionków
5%
Radziszów
5%
Radziszów Centrum
5%
Radziwiłłów Mazowiecki
5%
Radzyń Podlaski
5%
Rajcza
5%
Rajcza Centrum
5%
Rakoniewice
5%
Raszowa
5%
Rogów Sobócki
5%
Rogoźnica
5%
Rokietnica
5%
Rokitki
5%
Rozprza
5%
Rudna Gwizdanów
5%
Rudna Miasto
5%
Rudnik nad Sanem
5%
Runowo
5%
Runowo Pomorskie
5%
Rybnik Rymer
5%
Rydzyna
5%
Rzeszów Zachodni
5%
Sadowice Wrocławskie
5%
Sarnaki
5%
Sątopy-Samulewo
5%
Sędzisław
5%
Seroki
5%
Siechnice
5%
Siedlce Wschodnie
5%
Siedlce Zachodnie
5%
Siedlec Trzebnicki
5%
Siedliska
5%
Sierpów
5%
Sińczyca
5%
Skalmierz
5%
Skarżysko Kościelne
5%
Skawa
5%
Skoki-Borowa
5%
Skokowa
5%
Sława Wielkopolska
5%
Sławków
5%
Ślesin
5%
Słomniki Miasto
5%
Słonice
5%
Słupia
5%
Słupsk Północny
5%
Smardzew
5%
Smardzów Wrocławski
5%
Smolec
5%
Śniadowo-Stara Stacja
5%
Sobolew
5%
Sobótka Zachodnia
5%
Somonino
5%
Sośnie Ostrowskie
5%
Sosnowiec Porąbka
5%
Spytkowice
5%
Stara Wieś
5%
Stare Juchy
5%
Stary Klukom
5%
Sterławki Wielkie
5%
Strumień
5%
Strzegom
5%
Strzelce Świdnickie
5%
Sucha Żyrardowska
5%
Sumina Wieś
5%
Swarzewo
5%
Świdnica Przedmieście
5%
Świnoujście Przytór
5%
Szczebrzeszyn
5%
Szczecin Podjuchy
5%
Szczecin Załom
5%
Szczepanów
5%
Szewce
5%
Szreniawa
5%
Szulborze Wielkie
5%
Taczanów
5%
Tarchały Wielkie
5%
Tarnów Mościce
5%
Tarnowo Rogozińskie
5%
Teresin Niepokalanów
5%
Topola-Osiedle
5%
Toporów
5%
Trakiszki
5%
Tuchów
5%
Tuplice
5%
Tuplice Dębinka
5%
Tworki
5%
Tworków
5%
Tychy Grota Roweckiego
5%
Uherce
5%
Ulikowo
5%
Ustroń Polana
5%
Ustroń Zdrój
5%
Waliły
5%
Warka Miasto
5%
Warkocz
5%
Warlubie
5%
Warszawa Aleje Jerozolimskie WKD
5%
Warszawa Jeziorki
5%
Warszawa Międzylesie
5%
Warszawa Reduta Ordona
5%
Warszawa Salomea
5%
Węgorzyno
5%
Werbkowice
5%
Wielbark
5%
Wieliczka Rynek-Kopalnia
5%
Wierzbice
5%
Wierzbno
5%
Wierzchowice
5%
Wilkowice Bystra
5%
Wilków Wielki
5%
Witanów
5%
Witkowo
5%
Witnica
5%
Witonia
5%
Włoszakowice
5%
Wojanów
5%
Wolica
5%
Wólka
5%
Wrocław Kowale
5%
Wrocław Partynice
5%
Wrocław Pawłowice
5%
Wrocław Popiele
5%
Wrocław Strachocin
5%
Wrocław Szczepin
5%
Wrocław Wojnów
5%
Wrocław Wojnów Wschodni
5%
Wrocław Wojszyce
5%
Wrocław Zakrzów
5%
Wrocław Żerniki
5%
Wrzeście
5%
Wyrzysk Osiek
5%
Zabierzów
5%
Zabierzów Rząska
5%
Żabno koło Chojnic
5%
Zabrzeg Czarnolesie
5%
Zalesie Górne
5%
Zamość Wschód
5%
Żary Muzyków
5%
Zasieki
5%
Zastów
5%
Zawidz
5%
Zbąszyń Przedmieście
5%
Zębice Wrocławskie
5%
Żelistrzewo
5%
Żerków
5%
Zgierz Kontrewers
5%
Ziemomyśl
5%
Żórawina
5%
Zwierzyniec
5%
Żywiec Sporysz
5%
Adamowo
3%
Antoniów
3%
Baborówko
3%
Baboszewo
3%
Balin
3%
Barchów
3%
Barczewo
3%
Baszewice
3%
Basznia
3%
Basznia Dolna
3%
Batowice Lubańskie
3%
Bażanowice
3%
Będów
3%
Będziemyśl
3%
Będzino
3%
Belęcin Wielkopolski
3%
Bełsznica
3%
Berezów
3%
Biadki
3%
Biała Górna
3%
Biała Szlachecka
3%
Białki Siedleckie
3%
Białuń
3%
Białystok Bacieczki
3%
Białystok Stadion
3%
Bieczyno Pomorskie
3%
Bielsko-Biała Komorowice
3%
Bielsko-Biała Leszczyny
3%
Bielsko-Biała Mikuszowice
3%
Bielsko-Biała Północ
3%
Bielsko-Biała Wschód
3%
Bieniów
3%
Błażkowa
3%
Bobowa
3%
Bobowicko
3%
Boczów
3%
Bogaczewo
3%
Bogumiłowice
3%
Boguszów-Gorce Dzikowiec
3%
Boksycka
3%
Bolechowo
3%
Bolesławice Świdnickie
3%
Boleszewo
3%
Boreczek
3%
Borki-Kosy
3%
Borowiki
3%
Borszewice
3%
Borucice
3%
Boszkowo
3%
Bożacin
3%
Brochocin Trzebnicki
3%
Brzeg Głogowski
3%
Brzeźnica
3%
Brzozowiec Gorzowski
3%
Brzustów
3%
Buchałów
3%
Budachów
3%
Bukowa
3%
Bukowiec Międzyrzecki
3%
Bukowina Sycowska
3%
Bukowno Przymiarki
3%
Burkat
3%
Bydgoszcz Bielawy
3%
Bydgoszcz Błonie
3%
Bydgoszcz Łęgnowo
3%
Bystra Podhalańska
3%
Bystrzyca Kłodzka Przedmieście
3%
Bytnica
3%
Bytom Stroszek
3%
Bytonia
3%
Charnowo Słupskie
3%
Chełmek Wołowski
3%
Chełm Śląski
3%
Chociszewo Rogoziniec
3%
Chociw Łaski
3%
Chotomów
3%
Chotyłów
3%
Chróścina Opolska
3%
Chrośnica
3%
Chrząstawa Mała
3%
Chrząstowice / Chronstau
3%
Chrzęsne
3%
Chwalibogowo
3%
Chybie Mnich
3%
Chynów
3%
Chytra
3%
Ciasna
3%
Ciechanowice
3%
Ciechanów Przemysłowy
3%
Cięcina
3%
Cięcina Dolna
3%
Cieksyn
3%
Cierpigórz
3%
Cieszyn Marklowice
3%
Cieszyno Łobeskie
3%
Cisiec
3%
Ćmielów
3%
Cykarzew Północny
3%
Czarna Tarnowska
3%
Czarnowęsy Pomorskie
3%
Czarny Blok
3%
Czeluścin
3%
Czepino
3%
Czermno
3%
Czernikowo
3%
Czersk Świecki
3%
Czeruchy
3%
Czerwonak Osiedle
3%
Częstochowa Gnaszyn
3%
Czudec
3%
Czuprynowo
3%
Czyżowice
3%
Dąbroszyn
3%
Dąbrowa Chełmińska
3%
Dąbrowa Chełmińska Centrum
3%
Dąbrowice Skierniewickie
3%
Dąbrówka Malborska
3%
Dąbrówka Wielkopolska
3%
Daleszewo
3%
Dankowice
3%
Daszewo
3%
Dęba Opoczyńska
3%
Dębe Wielkie
3%
Dębska Kuźnia / Dembiohammer
3%
Długopole-Zdrój
3%
Doboszowice
3%
Dobrowoda
3%
Dobrzejewice
3%
Dobrzeń Wielki
3%
Dolna Grupa
3%
Dragacz
3%
Drogomyśl
3%
Drzeńsko
3%
Drzewce
3%
Drzymałowo
3%
Dulowa
3%
Dunowo
3%
Dygowo
3%
Dzięczyn
3%
Dziembówko
3%
Dziemiany Kaszubskie
3%
Dziergowice
3%
Dzierżanów Wielkopolski
3%
Dziewule
3%
Fronołów
3%
Gajówka
3%
Gałęzinowo
3%
Gałkówek
3%
Gamerki Wielkie
3%
Garczyn
3%
Gąsocin
3%
Gdakowo
3%
Gierałtów
3%
Gierałtów Wykroty
3%
Gilów
3%
Głębokie Międzyrzeckie
3%
Głogów Huta
3%
Głogówko
3%
Głowaczewo
3%
Głowno Północne
3%
Głuchołazy Miasto
3%
Godków
3%
Gogolewo
3%
Gołąb
3%
Goleniów Park Przemysłowy
3%
Goleszów Górny
3%
Gołotczyzna
3%
Gołubie Kaszubskie
3%
Goniądz
3%
Górki Noteckie
3%
Górki Pomorskie
3%
Górowo
3%
Gorzanów
3%
Gorzelin
3%
Gorzkowice
3%
Górzyca Reska
3%
Gościszewo
3%
Gośniewice
3%
Goświnowice
3%
Goszcza
3%
Grąblewo
3%
Grabniak
3%
Grabów nad Pilicą
3%
Grabowo
3%
Gralewo
3%
Granowo
3%
Grębocin
3%
Grębów
3%
Gregorowce
3%
Gregorowce Południowe
3%
Grodziszcze Mazowieckie
3%
Gronajny
3%
Gronowo Elbląskie
3%
Grudziądz Owczarki
3%
Grudziądz Śródmieście
3%
Grupa
3%
Grybów
3%
Gułtowy
3%
Gutowiec
3%
Gzin
3%
Hartowiec
3%
Horyniec-Zdrój
3%
Hrebenne
3%
Hryniewicze
3%
Iłowa Żagańska
3%
Izabelów
3%
Izbica
3%
Jagodzin
3%
Jamielnik
3%
Jankowa
3%
Jankowa Żagańska
3%
Jankowo Dolne
3%
Jarszewo
3%
Jarzębia Łąka
3%
Jasiona
3%
Jasionka Lotnisko
3%
Jaśkowice
3%
Jaśkowice Legnickie
3%
Jasło Fabryczne
3%
Jastrzębsko
3%
Jawiszowice Jaźnik
3%
Jazy
3%
Jedlicze koło Zgierza
3%
Jedlina-Zdrój
3%
Jedlina-Zdrój Borowa
3%
Jędrzychowice
3%
Jeglia
3%
Jelenia Góra Przemysłowa
3%
Jelenia Góra Sobieszów
3%
Jelenia Góra Zachodnia
3%
Jesionka
3%
Jezierzany
3%
Jezierzyce Słupskie
3%
Jeżówka
3%
Józefin
3%
Juszczyn
3%
Kaczyce
3%
Kąkolewo
3%
Kałęczyn
3%
Kalisz Kaszubski
3%
Kamieńczyce
3%
Kamienna Karczma
3%
Karcino
3%
Karnkowo
3%
Karwice
3%
Karzec
3%
Kątne
3%
Kawcze
3%
Kędzierzyn-Koźle Przystanek
3%
Kęszyce
3%
Kielce Piaski
3%
Kielce Słowik
3%
Kietlanka
3%
Kije
3%
Kłaj
3%
Klementowice
3%
Klępnica
3%
Kleszczele
3%
Klewki
3%
Kłodzko Zagórze
3%
Kobylany
3%
Kochanowice
3%
Kochanówka Pustków
3%
Kochcice-Glinica
3%
Kojszówka
3%
Kokotów
3%
Kołbiel
3%
Kołobrzeg Radzikowo
3%
Kolonia
3%
Komorów
3%
Konin Zachód
3%
Konin Żagański
3%
Konopki
3%
Konotopie
3%
Kopalina
3%
Kornatowo
3%
Korwinów
3%
Kościernica
3%
Kostomłoty
3%
Kostów
3%
Koszęcin
3%
Kotórz Mały
3%
Kotowo
3%
Kotulin
3%
Kotuń
3%
Kowalów
3%
Kozia Góra
3%
Koziebrody
3%
Koziołek
3%
Koźla Kożuchowska
3%
Koźlice
3%
Kozłowo
3%
Kraków Opatkowice
3%
Kraków Piastów
3%
Kraków Podgórze
3%
Kraków Swoszowice
3%
Krasiejów
3%
Krasnystaw Fabryczny
3%
Krojanty
3%
Krosno Turaszówka
3%
Krosnowice Kłodzkie
3%
Krynka Łukowska
3%
Krzcięcice
3%
Krzepice
3%
Krzepów
3%
Krzeszna
3%
Krzewie
3%
Krzewina Zgorzelecka
3%
Krzycko Wielkie
3%
Krzymosze
3%
Krzywin Gryfiński
3%
Krzywizna
3%
Krzyżowa
3%
Książno
3%
Księginice
3%
Kuklinów
3%
Kundzin
3%
Kupienino
3%
Kuriany
3%
Kursko
3%
Kwieciszowice
3%
Ładzin
3%
Łambinowice
3%
Laski Lubuskie
3%
Laski Odrzańskie
3%
Lasów
3%
Ławica
3%
Lębork Nowy Świat
3%
Legnica Piekary
3%
Legnica Strefa
3%
Leluchów
3%
Leosia
3%
Lesięcin
3%
Leśnice
3%
Leszno Górne
3%
Letnica
3%
Lewickie
3%
Lewki
3%
Ligota Toszecka
3%
Lipka Krajeńska
3%
Lipowa Tucholska
3%
Lipuska Huta
3%
Lisie Pole
3%
Lisowo
3%
Łodygowice
3%
Łodygowice Górne
3%
Łódź Zarzew
3%
Łomnica Średnia
3%
Łomnica-Zdrój
3%
Łopuchowo
3%
Łopuchowo Osiedle
3%
Łososiowice
3%
Łoźnica
3%
Lubanie
3%
Lubartów Lipowa
3%
Lubartów Słowackiego
3%
Łubiana
3%
Lubicz
3%
Lublin AIRPORT
3%
Lublin Ponikwoda
3%
Lubomino
3%
Ługi Górzyckie
3%
Łuków Łapiguz
3%
Łuków Śląski
3%
Łupowo
3%
Lutol Suchy
3%
Majdan
3%
Majdan Królewski
3%
Małaszewicze
3%
Malbork Kałdowo
3%
Małe Gacno
3%
Małowice Wołowskie
3%
Masłońskie Natalin
3%
Męcka Wola
3%
Miały
3%
Miasteczko Śląskie Centrum
3%
Michalin
3%
Mierzęcice
3%
Mikłasze
3%
Mikołajki Pomorskie
3%
Milanówek Grudów
3%
Milcz
3%
Milik
3%
Miłków
3%
Miłkowice
3%
Miłogoszcz
3%
Milówka
3%
Milówka Zabawa
3%
Minkowice
3%
Minkowice Oławskie
3%
Mleczewo
3%
Młodów
3%
Mnichów
3%
Mokrzyca Wielka
3%
Montowo
3%
Morzeszczyn
3%
Mostki
3%
Mosty
3%
Motycz
3%
Motycz Leśny
3%
Mrozów
3%
Mykanów
3%
Mysłakowice Orzeł
3%
Myśliczyn
3%
Mysłowice Brzezinka
3%
Mysłowice Kosztowy
3%
Nadolice Małe
3%
Nadolice Wielkie
3%
Namyślin
3%
Narewka
3%
Narzym
3%
Nekla
3%
Nida
3%
Niedźwiada Łowicka
3%
Nielep
3%
Nietków
3%
Nietkowice
3%
Nosówko
3%
Nowa Dęba
3%
Nowa Ruda Przedmieście
3%
Nowa Ruda Zdrojowisko
3%
Nowa Wieś Ełcka
3%
Nowa Wieś Warszawska
3%
Nowe Kutnowskie
3%
Nowogród Osiedle
3%
Nowy Bieruń
3%
Nowy Nurzec
3%
Nowy Sącz Dąbrówka
3%
Nowy Solec
3%
Nowy Świętów
3%
Nowy Widzim
3%
Nowy Zagórz
3%
Nurzec
3%
Nysa Wschodnia
3%
Obrowo
3%
Odolion
3%
Ograszka
3%
Ogrodniki
3%
Okmiany
3%
Okrąglica
3%
Olsztyn Gutkowo
3%
Olsztyn Likusy
3%
Olsztyn Śródmieście
3%
Olszyna Lubańska
3%
Opole Borki
3%
Orlanka
3%
Orzechowicze
3%
Orzeszków
3%
Orzeszkowo
3%
Osielec
3%
Osowiec
3%
Osowiec Przystanek
3%
Osowiec Śląski
3%
Otłoczyn
3%
Otmice
3%
Otrębusy
3%
Otwock Śródborów
3%
Owińska
3%
Pacholęta
3%
Padew
3%
Pakosławice
3%
Palędzie
3%
Pamiątkowo
3%
Panowice
3%
Parłówko
3%
Patków
3%
Pawonków
3%
Perkowo
3%
Piechowice Dolne
3%
Piekoszów
3%
Piesienice
3%
Pietrzykowice Żywieckie
3%
Piła Podlasie
3%
Pilchów
3%
Pinczyn
3%
Pliszka
3%
Płociczno koło Suwałk
3%
Płock Trzepowo
3%
Pludry
3%
Podbiele
3%
Podkowa Leśna Wschodnia
3%
Podkowa Leśna Zachodnia
3%
Podlesie
3%
Podlesiec
3%
Podłęże
3%
Podolany
3%
Pogorzelice
3%
Pogorzel Warszawska
3%
Polana Jakuszycka
3%
Policko
3%
Policzna
3%
Półwieś
3%
Pomiechówek
3%
Popielów
3%
Popowo Skwierzyńskie
3%
Porażyn
3%
Poznań Podolany
3%
Proboszczewice Płockie
3%
Prostki
3%
Pruchna
3%
Pruszcz Pomorski
3%
Przebędowo
3%
Przybyłowice
3%
Przyłęk Duży
3%
Przysieczyn
3%
Przytocko
3%
Przywory Opolskie
3%
Pstroszyce
3%
Pszczew
3%
Puławy Chemia
3%
Rąbino
3%
Raciborów Kutnowski
3%
Racławice Śląskie
3%
Radkowice
3%
Radliczyce
3%
Radnica
3%
Radomyśl
3%
Radziechowy Wieprz
3%
Radzionków Rojca
3%
Radziszewo
3%
Rajsk
3%
Rakowice
3%
Ramiszów
3%
Raszówka
3%
Rębiszów
3%
Reblino
3%
Rębusz
3%
Recz Pomorski
3%
Redaki
3%
Repczyce
3%
Rokiciny Podhalańskie
3%
Rokita
3%
Rokitki Tczewskie
3%
Rostarzewo
3%
Roszkowo Wągrowieckie
3%
Roszków Raciborski
3%
Roztoki Bystrzyckie
3%
Różyny
3%
Ruchocice
3%
Ruciane-Nida Zachód
3%
Ruda Talubska
3%
Rudna Wielka
3%
Rudniki koło Częstochowy
3%
Rudniki Koło Częstochowy
3%
Rudyszwałd
3%
Rudziniec Gliwicki
3%
Rurka
3%
Rusiec Łódzki
3%
Ruszów
3%
Rybno Pomorskie
3%
Rycerka
3%
Rynarcice
3%
Rynkowo Wiadukt
3%
Rytel
3%
Rytel Wieś
3%
Rytro
3%
Rzeczyca
3%
Rzeczyce Śląskie
3%
Rzeszów Centrum
3%
Rzeszów Politechnika
3%
Sadlinki
3%
Sadowne Węgrowskie
3%
Sadurki
3%
Sarbiewo
3%
Ścinawka Średnia
3%
Sędzice
3%
Sędziszów Małopolski Wschodni
3%
Sidra
3%
Siemianówka
3%
Sierakówek
3%
Siódmak
3%
Sitkówka Nowiny
3%
Skarżysko Milica
3%
Skawa Środkowa
3%
Skawina Jagielnia
3%
Skępe
3%
Skibno
3%
Sklęczki
3%
Skoczów
3%
Skorzewo
3%
Skowarcz
3%
Skrzynki
3%
Sławięcice
3%
Sławki
3%
Śliwice
3%
Słowienkowo
3%
Smardy
3%
Smogorzów Przysuski
3%
Smolniki
3%
Smroków
3%
Sokole Białostockie
3%
Solniki Wielkie
3%
Sosnowiec Kazimierz
3%
Stalowa Wola Charzewice
3%
Stalowa Wola Południe
3%
Staniątki
3%
Stąporków
3%
Starachowice Michałów
3%
Starachowice Wschodnie
3%
Stara Kamienica
3%
Starczów
3%
Stare Berezowo
3%
Stare Bielice
3%
Stare Drzewce
3%
Stare Grudze
3%
Stare Kurowo
3%
Stare Olesno
3%
Starkowo
3%
Stary Borek
3%
Stary Jawor
3%
Stary Węgliniec
3%
Stawiany Pińczowskie
3%
Stawiguda
3%
Staw Kunowski
3%
Stawno
3%
Stefanowo
3%
Steknica
3%
Sterławki Małe
3%
Stobno
3%
Stok Lacki
3%
Stramnica
3%
Strykowo Poznańskie
3%
Strzebielewo
3%
Strzebielino Morskie
3%
Strzelce Kujawskie
3%
Strzelinko
3%
Strzyżów nad Wisłokiem
3%
Strzyżów Zachodni
3%
Studniska
3%
Studzianka
3%
Stupsk Mazowiecki
3%
Subkowy
3%
Subkowy Centrum
3%
Suchowolce
3%
Susiec
3%
Susk
3%
Suszka
3%
Swarożyn
3%
Swędów
3%
Świdnica Zawiszów
3%
Świdwin Zamek
3%
Świętajno
3%
Sycewice
3%
Sycze
3%
Szachy
3%
Szczaniec
3%
Szczawno-Ciemnice
3%
Szczecin Dunikowo
3%
Szczecinek Chyże
3%
Szczecin Trzebusz
3%
Szczecin Żydowce
3%
Szczedrzykowice
3%
Szczepanowice
3%
Szebnie
3%
Szewnica
3%
Szklarska Poręba Huta
3%
Szydłów Centrum
3%
Szymankowo
3%
Szymiszów
3%
Szymocice
3%
Taciszów
3%
Tarnowiec
3%
Tarnów Opolski
3%
Templewo
3%
Tereszpol Biłgorajski
3%
Tleń
3%
Tłoki
3%
Tomaszów Bolesławiecki
3%
Toszek
3%
Trąbki
3%
Trawniki
3%
Troszyn
3%
Trzciana
3%
Trzebaw Rosnówko
3%
Trzebiszewo
3%
Tuchola Rudzki Most
3%
Tuchorza
3%
Tuczki
3%
Tułowice
3%
Turza Wielka
3%
Twarda Góra
3%
Twardawa
3%
Tymień
3%
Wągry
3%
Wałowice
3%
Warnowo
3%
Warszowice
3%
Warząchewka
3%
Wężyska
3%
Widuchowa
3%
Widzino
3%
Widzów Teklinów
3%
Wiekowo
3%
Wieliczka Park
3%
Wierzchowo Człuchowskie
3%
Wilków Namysłowski
3%
Wilkowo Świebodzińskie
3%
Wisła Dziechcinka
3%
Wisła Jawornik
3%
Wisła Kopydło
3%
Witków Śląski
3%
Witnica Chojeńska
3%
Witowo
3%
Włocławek Zazamcze
3%
Włostowo
3%
Włoszczowice
3%
Wojaszówka
3%
Wojnowice Wielkopolskie
3%
Wola Filipowska
3%
Wola Radziszowska
3%
Wola Radziszowska Lipki
3%
Wolbrom Zachodni
3%
Worowo
3%
Woszczele
3%
Wroniawy
3%
Wronki Zamość
3%
Wrześnica
3%
Wrzosów
3%
Wrzosowo
3%
Wykno
3%
Wysoka Braniewska
3%
Wyszomierz
3%
Wyszyny
3%
Żabiny
3%
Żabowo
3%
Ząbrowo
3%
Zabrze Północne
3%
Zagajnik
3%
Zajączkowo Lubawskie
3%
Żakowice
3%
Żakowice Południowe
3%
Zakrzów Kotowice
3%
Zaręba
3%
Zaręby Kościelne
3%
Żarki-Letnisko
3%
Żary Kunice
3%
Zawada
3%
Zawidz Kościelny
3%
Zblewo
3%
Zebrzydowa
3%
Żednia
3%
Żegiestów
3%
Żegiestów-Zdrój
3%
Zgierz Rudunki
3%
Zieleń
3%
Zielonczyn
3%
Zielonka Pomorska
3%
Złotkowo
3%
Złotniki Grzybowe
3%
Złotniki Kutnowskie
3%
Zosinów
3%
Żydowo
3%
Zygmuntów
3%
Zygmuntowo Mazowieckie
3%
Andrychów Górnica
0%
Andrzejówka
0%
Anieliny
0%
Antoniówka
0%
Arcelin
0%
Augustówka
0%
Babica
0%
Babica Kolonia
0%
Baciuty
0%
Bajtkowo
0%
Bąków
0%
Bąkowiec
0%
Balinka
0%
Baranówka
0%
Baranów Sandomierski
0%
Barcice
0%
Barcząca
0%
Barłogi
0%
Bartąg
0%
Bartnica
0%
Bartodzieje
0%
Barwałd Górny
0%
Barwałd Średni
0%
Barzkowice
0%
Będźmierowice
0%
Bełżec Drugi
0%
Berejów
0%
Besko
0%
Bezwola
0%
Biadoliny
0%
Biała Pilska
0%
Biała Podlaska Wschodnia
0%
Białośliwie
0%
Biały Zdrój Południowy
0%
Bieliny Opoczyńskie
0%
Bierkowice
0%
Biernatowo
0%
Biesal
0%
Biesowice
0%
Bińcze
0%
Biskupice Wielkopolskie
0%
Biskupiec Pomorski
0%
Biskupnica
0%
Błądzim
0%
Blizna
0%
Bliżyn
0%
Bobowa-Miasto
0%
Bobrówka
0%
Bobrowo Pomorskie
0%
Bobry
0%
Bodzechów
0%
Bogaczów
0%
Bogdanowo
0%
Bogoniowice Ciężkowice
0%
Boguchwała Dolna
0%
Boguszewo
0%
Bojary
0%
Borkowice
0%
Boronów
0%
Borowina
0%
Borsukówka
0%
Brachlewo
0%
Bratków
0%
Brody Iłżeckie
0%
Brody Warszawskie
0%
Brokęcino
0%
Brzask
0%
Brzezie
0%
Brzeźnica Bychawska
0%
Brzeźno Człuchowskie
0%
Brzóstowa
0%
Brzózki
0%
Brzozowica
0%
Budki Nowe
0%
Budy Głogowskie
0%
Budziszowice
0%
Bujaki
0%
Bukowo
0%
Bukowo Człuchowskie
0%
Bukwałd
0%
Bulowice
0%
Burkatów
0%
Bursztynowo
0%
Bystrzyca Górna
0%
Bystrzyca koło Lublina
0%
Bzowiec
0%
Cekcyn
0%
Cerkiewnik
0%
Chełm Cementownia
0%
Chludowo
0%
Chmielniki Bydgoskie
0%
Chmielów Zagumnie
0%
Chocznia
0%
Chocznia Górna
0%
Chojnik
0%
Chorzelów
0%
Chorzelów Południowy
0%
Chronów
0%
Chróścice
0%
Chróścina Nyska
0%
Chrosna
0%
Chróstnik
0%
Chrusty Nowe
0%
Chrząstowice Olkuskie
0%
Ciecholub
0%
Ciecierzyn
0%
Cienin
0%
Cienin Kościelny
0%
Cieplewo
0%
Cikowice
0%
Cmolas
0%
Cybowo
0%
Cygany
0%
Czarlin
0%
Czarne Małe
0%
Czarniecka Góra
0%
Czarnobór
0%
Czaszyn
0%
Czechowizna
0%
Czerniewice
0%
Czerwonka
0%
Czeska Wieś
0%
Czesławice
0%
Dąbie koło Dębicy
0%
Dąbrowa Górnicza Południowa
0%
Dąbrowa-Łazy
0%
Dąbrówka Jezioro Mucharskie
0%
Dąbrówka Zabłotnia
0%
Dąbrowy
0%
Dalanówek
0%
Dalęcino
0%
Dęba Rozalin
0%
Dębica Wschodnia
0%
Dębska Wola
0%
Długie
0%
Długi Kąt
0%
Dobieszyn
0%
Dobino Wałeckie
0%
Dobrocin
0%
Dobrynka
0%
Dobryszyce koło Radomska
0%
Dobrzechów
0%
Dobrzyniewo Duże
0%
Dolnik
0%
Domaszków
0%
Domaszowice
0%
Dominów
0%
Domisław
0%
Drygały
0%
Drygulec
0%
Drzonowo
0%
Drzycim
0%
Dubidze
0%
Dubidze Kolonia
0%
Dubielno
0%
Dwikozy
0%
Dwory
0%
Dytmarów
0%
Dzietrzniki
0%
Fałkowo
0%
Fasty
0%
Firlus
0%
Fiszewo
0%
Gągławki
0%
Garbatka-Letnisko
0%
Gąsawy Plebańskie
0%
Gębarzewo
0%
Gliniczek
0%
Gliniszcze
0%
Głogów Małopolski Niwa
0%
Głogów Małopolski Południowy
0%
Głuchów
0%
Głuchowo
0%
Głuszyca Górna
0%
Głuszyno Pomorskie
0%
Gniewczyna
0%
Godki
0%
Gołaszewo Kujawskie
0%
Golęczewo
0%
Gomunice
0%
Gorlice Glinik
0%
Gorlice Zagórzany
0%
Gorzędów
0%
Gorzów Chrzanowski
0%
Gorzuchów Kłodzki
0%
Gorzuchowo Chełmińskie
0%
Górzyniec
0%
Goszczowice
0%
Grabik
0%
Grabiny
0%
Grabów Szlachecki
0%
Grębocice
0%
Gręboszów
0%
Grochowiska
0%
Gródek
0%
Grodzie
0%
Grodzisk Mazowiecki Jordanowice
0%
Grodzisk Mazowiecki Okrężna
0%
Grodzisk Mazowiecki Piaskowa
0%
Grodzisko Dolne
0%
Grom
0%
Gromnik
0%
Groszowice Wrzosów
0%
Grudziądz Tuszewo
0%
Grylewo
0%
Gryźliny
0%
Grzęska
0%
Grzmiąca
0%
Grzybno
0%
Grzywna
0%
Gutowo Wielkopolskie
0%
Gwda Mała
0%
Henrykowo
0%
Hołówki Duże
0%
Hordzieżka
0%
Hucisko
0%
Hurko
0%
Huta Komorowska
0%
Inwałd
0%
Jabłoń Kościelna
0%
Jackowo Dworskie
0%
Jadachy
0%
Jadwiżyn
0%
Jaksice
0%
Jakubowice
0%
Janikowo
0%
Janinów
0%
Jankowce
0%
Jankowo Pomorskie
0%
Janówek
0%
Jarzębiec
0%
Jasice
0%
Jasień Brzeski
0%
Jasienica Dolna
0%
Jaski
0%
Jaślany
0%
Jasło Niegłowice
0%
Jastrowie Miasto
0%
Jastrzębie Pomorskie
0%
Jastrzębna
0%
Jaszczów
0%
Jaworzno koło Wielunia
0%
Jedlicze Męcinka
0%
Jedlina-Zdrój Centrum
0%
Jedlnia Kościelna
0%
Jelenia Góra Orle
0%
Jelenino
0%
Jelna
0%
Jełowa
0%
Jeruty
0%
Jerzmanki
0%
Jesionowiec
0%
Jeżewo
0%
Jeziorki Wałeckie
0%
Jonkowo
0%
Józefów Roztoczański
0%
Jugowice
0%
Julianka
0%
Kaczorowo
0%
Kalembina
0%
Kaliszki
0%
Kamienna Nowa
0%
Kamionka Wielka
0%
Kamionki Jezioro
0%
Kanie
0%
Kanie Helenowskie
0%
Kaniów
0%
Karłowice
0%
Karolinówka
0%
Kawnice
0%
Kazimierówka
0%
Kępa
0%
Kępka
0%
Kęty Podlesie
0%
Kielce Ślichowice
0%
Kity
0%
Klecza Dolna
0%
Klecza Górna
0%
Klepacze
0%
Kłokowa
0%
Kłomnice
0%
Knyszyn
0%
Kobylec
0%
Kolbuszowa Górna
0%
Kołodziejewo
0%
Komańcza Letnisko
0%
Komorowo Żuławskie
0%
Komorów Podmurynia
0%
Komprachcice
0%
Kończyce
0%
Kończyce Radomskie
0%
Koniecpol Magdasz
0%
Konojady
0%
Kornica
0%
Korzenica
0%
Kosina
0%
Kosiorki
0%
Kosów
0%
Kostrzyca
0%
Koszewnica
0%
Kotomierz
0%
Kozuby
0%
Kozy Zagroda
0%
Kraków Kościelniki
0%
Kraków Lubocza
0%
Kraków Młynówka
0%
Kraków Olszanica
0%
Kraków Przylasek
0%
Kraków Zakliki
0%
Kramsk
0%
Krępa Krajeńska
0%
Krężel
0%
Krężnica Jara
0%
Królewo Malborskie
0%
Krośnice Mazowieckie
0%
Krostkowo
0%
Kruszyna
0%
Krzak
0%
Krzemienica
0%
Krzemionki
0%
Krzywda
0%
Książki
0%
Kubice
0%
Kuleje
0%
Kulesze Kościelne
0%
Kulice Tczewskie
0%
Kurów Suski
0%
Kusięta Nowe
0%
Lachowice
0%
Lachowice Centrum
0%
Łączna
0%
Łankiejmy
0%
Laski Tucholskie
0%
Laskowice Oleskie
0%
Laskownica
0%
Lasocice
0%
Łążek
0%
Łebień
0%
Lednogóra
0%
Łęgajny
0%
Leńcze
0%
Leokadia
0%
Leopoldów
0%
Lesiów
0%
Lesko Łukawica
0%
Leśniczówka
0%
Łętownia
0%
Libusza
0%
Ligowiec
0%
Linkowo
0%
Linowo
0%
Lipa
0%
Lipienica
0%
Lipińskie Małe
0%
Lipowa Śląska
0%
Lipowe Pole
0%
Lniano
0%
Łopatki
0%
Lotyń
0%
Łowczów
0%
Łowczówek Pleśna
0%
Lubachów
0%
Lubajny
0%
Lubania-Lipiny
0%
Lubanice
0%
Lubaszowa
0%
Lublin Zemborzyce
0%
Łubowo
0%
Lubzina
0%
Luciążanka
0%
Ludwikowice Kłodzkie
0%
Ludynia
0%
Ludynia Dwór
0%
Lusławice
0%
Lutoryż
0%
Łysomice
0%
Machnacz
0%
Majdan Królewski Podlasek
0%
Majdan Stuleński
0%
Majewo
0%
Mąkoszyce
0%
Małdyty
0%
Małogoszcz
0%
Mańkowice
0%
Marcinkowice
0%
Markuszowa
0%
Martiany
0%
Marzenin
0%
Matysy
0%
Maziły
0%
Medyka Rozrządowa
0%
Medyka Towarowa
0%
Mełno
0%
Metan
0%
Miąsowa
0%
Miasteczko Krajeńskie
0%
Michalczew
0%
Mielec Południowy
0%
Mielec Wolności
0%
Mienia
0%
Mieszaki
0%
Mika
0%
Milcza
0%
Milejów
0%
Miłocin Lubelski
0%
Mińsk Mazowiecki Anielina
0%
Misie
0%
Młyńsko
0%
Modła
0%
Mokre
0%
Mokre Małopolskie
0%
Morąg Kolonia
0%
Morochów
0%
Moskale
0%
Moszczenica Małopolska
0%
Moszczenica Pomorska
0%
Mroczkowice
0%
Mszalnica
0%
Munina
0%
Muszyna Poprad
0%
Mysłowice Brzęczkowice
0%
Myszków Światowit
0%
Najmowo
0%
Naterki
0%
Nawra
0%
Nicwałd
0%
Niedrzwica
0%
Niedrzwica Kościelna
0%
Niedzieliska-Kolonia
0%
Niekłonice
0%
Nieszawa Waganiec
0%
Niewodnica
0%
Nikielkowo
0%
Nisko Osiedle
0%
Nisko Podwolina
0%
Nisko Racławice
0%
Niziny
0%
Nowa Brzeźnica
0%
Nowa Grobla
0%
Nowa Sarzyna Kolonia
0%
Nowa Wieś Cierpkie
0%
Nowa Wieś Kościelna
0%
Nowe Dębe Wielkie
0%
Nowosielce
0%
Nowy Dwór koło Ornety
0%
Nowy Las
0%
Nowy Łupków
0%
Nowy Młyn
0%
Nowy Sącz Biegonice
0%
Nowy Sącz Gorzków
0%
Nowy Sącz Jamnica
0%
Ognica
0%
Okrzeja
0%
Okuninka Białe
0%
Oleszyce
0%
Olszanica
0%
Olszanka
0%
Olszewka
0%
Olsztyn Dajtki
0%
Olsztyn Redykajny
0%
Olszyny
0%
Opole Chmielowice
0%
Opole Gosławice
0%
Orłowice
0%
Osetnica
0%
Ostaszewo Toruńskie
0%
Ostrowie Biebrzańskie
0%
Ostrowite koło Jabłonowa
0%
Ostrówki koło Chodzieży
0%
Ostrów koło Radymna
0%
Otoczna
0%
Paczkowo
0%
Pałecznica
0%
Papowo Toruńskie
0%
Parkowo
0%
Pątnów Wieluński
0%
Patrzyków
0%
Pawłówek
0%
Pęckowo
0%
Pełkinie
0%
Perkowice
0%
Petrykozy
0%
Pewel Mała
0%
Pewel Wielka
0%
Pewel Wielka Centrum
0%
Pęzino
0%
Piastoszyn
0%
Piekoszów Łaziska
0%
Pierściec
0%
Pierzyska
0%
Pikus
0%
Piła Fabryczna
0%
Pisary
0%
Pisz Wschodni
0%
Pławna
0%
Płytnica
0%
Podbór
0%
Podborsko
0%
Podbory Skawińskie
0%
Podchojny
0%
Podkowa Leśna Główna
0%
Podlasek
0%
Podstolice
0%
Podwierzbie
0%
Podzamcze
0%
Pogorzel Wielka
0%
Pogwizdów
0%
Pokrzywnica
0%
Polesie
0%
Polichna Kraśnicka
0%
Polna
0%
Porosiuki
0%
Potok Kraśnicki
0%
Powroźnik
0%
Promno
0%
Prostynia
0%
Proszówka
0%
Przeciszów
0%
Przemyśl Bakończyce
0%
Przemyśl Pikulice
0%
Przemyśl Wschodni
0%
Przeradz
0%
Przybówka
0%
Przyłubie
0%
Przysieki
0%
Przytkowice
0%
Ptaszkowa
0%
Ptusza
0%
Pułankowice
0%
Pustynia
0%
Racewo
0%
Racibory
0%
Racławki
0%
Radymno
0%
Radzice
0%
Rajec Poduchowny
0%
Raszujka
0%
Recław
0%
Rogalice
0%
Rogiedle
0%
Rogożew
0%
Rogoźnica koło Rzeszowa
0%
Rogóżno koło Łańcuta
0%
Rogóźno Pomorskie
0%
Rokitnia Stara
0%
Ropczyce Witkowice
0%
Rosochatka
0%
Różanystok
0%
Rozedranka
0%
Rożki
0%
Rożnowo
0%
Ruda Białaczowska
0%
Ruda-Huta
0%
Ruda-Opalin
0%
Rudawa
0%
Ruda Wielka
0%
Rudnik Stróża
0%
Rudzienice Suskie
0%
Rusinowice
0%
Rutkowice
0%
Rutwica
0%
Rybnica
0%
Rychnowo Wielkie
0%
Ryczów
0%
Ryczywół
0%
Ryjewo
0%
Rykoszyn
0%
Rząsawa
0%
Rzeczyca-Kolonia
0%
Rzemień
0%
Rzepedź
0%
Rzerzęczyce
0%
Rzęśnica
0%
Rzeszotary
0%
Rzeszów Baranówka
0%
Rzeszów Dworzysko
0%
Rzeszów Miłocin
0%
Rzeszów Osiedle
0%
Rzeszów Pobitno
0%
Rzeszów Staromieście
0%
Rzeszów Staroniwa
0%
Rzeszów Załęże
0%
Rzeszów Zwięczyca
0%
Rzezawa
0%
Rzochów
0%
Rzozów
0%
Rzozów Centrum
0%
Sabinka
0%
Samborowo
0%
Samostrzel
0%
Sanok Dąbrówka
0%
Sanok Miasto
0%
Sarnów
0%
Siedlce Łaskie
0%
Siedliska koło Tuchowa
0%
Siedliska Tomaszowskie
0%
Siedlisko Czarnkowskie
0%
Siemianice
0%
Sieniawa Żarska
0%
Siepietnica
0%
Sierakowice Skierniewickie
0%
Sieraków Śląski
0%
Silno
0%
Silnowo
0%
Sitno
0%
Sitowa
0%
Skarżysko Zachodnie
0%
Skawina Zachodnia
0%
Skoczów Bajerki
0%
Skoczów Bładnice
0%
Skołyszyn
0%
Skórka
0%
Skoroszyce
0%
Skrzynno
0%
Śliwiczki
0%
Słomianka
0%
Słone
0%
Słonowice
0%
Słosinko
0%
Słotwiny
0%
Sobibór
0%
Sobków
0%
Sobów
0%
Sokoliniec
0%
Sokołowo Budzyńskie
0%
Sokoły
0%
Sokule
0%
Sołtyków
0%
Sośnica Jarosławska
0%
Sosnowe
0%
Sosnowiec Maczki
0%
Sowczyce
0%
Sowin
0%
Spławie
0%
Spychowo
0%
Spytkowice Kępki
0%
Stanisławice
0%
Staniszcze Małe
0%
Stanowice
0%
Stara Łubianka
0%
Stare Guty
0%
Stare Jabłonki
0%
Stare Pole
0%
Staropole Częstochowskie
0%
Stary Broniszew
0%
Stary Cykarzew
0%
Stary Garbów
0%
Stary Grodków
0%
Stary Wielisław
0%
Stasin Polny
0%
Sterkowiec
0%
Stogi Malborskie
0%
Strabla
0%
Strączno
0%
Strażów
0%
Stronno
0%
Stróże
0%
Stryszawa
0%
Stryszów
0%
Strzałkowo
0%
Strzebiń
0%
Strzyżyna
0%
Strzyżyno Słupskie
0%
Studzianki Nowe
0%
Stulno
0%
Styków Iłżecki
0%
Suchatówka
0%
Suchedniów Północny
0%
Suchy Bór Opolski
0%
Sulino
0%
Suliszewo Drawskie
0%
Sułkowice
0%
Sulów
0%
Surochów
0%
Świdnik Wschód
0%
Świekatowo
0%
Świercze
0%
Świerki Dolne
0%
Świlcza
0%
Swobodna
0%
Szadkowice
0%
Szałamaje
0%
Szalowa
0%
Szaniawy
0%
Szarów
0%
Szastarka
0%
Szczawne Kulaszne
0%
Szczecinek Bugno
0%
Szczepki
0%
Szczukowskie Górki
0%
Szeroki Bór
0%
Szpęgawsk
0%
Sztumska Wieś
0%
Szybowice
0%
Szydłowo Krajeńskie
0%
Szymbory
0%
Targowiska
0%
Tarło
0%
Tarnawa Dolna
0%
Tarnowiec Brzeski
0%
Tarnowo Pomorskie
0%
Tarnowska Wola
0%
Tarzymiechy
0%
Tołkiny
0%
Tomaszówek
0%
Toruń Czerniewice
0%
Trablice
0%
Tryńcza
0%
Trypucie
0%
Trzciniec
0%
Trzeciewnica
0%
Tuczno Krajeńskie
0%
Tuły
0%
Tumlin
0%
Turbia
0%
Turowo Pomorskie
0%
Turzno
0%
Turzno Kujawskie
0%
Turzynów
0%
Tuszów Narodowy
0%
Tuszyma
0%
Tychowo
0%
Tychy Zachodnie
0%
Ubocze
0%
Uherce Tunel
0%
Uhowo
0%
Uhrusk
0%
Uhrusk Przystanek
0%
Unieszewo
0%
Unisław Pomorski
0%
Unisław Śląski
0%
Ustanówek
0%
Ustjanowa
0%
Ustroń Brzegi
0%
Ustrzesz
0%
Wadowice Osiedle Podhalanin
0%
Walawa
0%
Wałcz Raduń
0%
Wałdowo Szlacheckie
0%
Wałki
0%
Wandzin
0%
Waplewo
0%
Wargowo
0%
Wąsosz Konecki
0%
Ważne Młyny
0%
Węgrzce Wielkie
0%
Werchrata
0%
Widacz
0%
Widełka
0%
Więcławice
0%
Wielanowo
0%
Wieliczka Bogucice
0%
Wielkie Drogi
0%
Wielowieś
0%
Wieniawa
0%
Wierchomla Wielka
0%
Wierna Rzeka
0%
Wierzawice
0%
Wierzbica Górna
0%
Wierzbowa Śląska
0%
Wierzchosławice
0%
Wierzchucin Stary
0%
Wietrzychowo
0%
Wiewiecko
0%
Wiktorowo
0%
Wilczyska
0%
Wilkasy Niegocin
0%
Wilkołaz
0%
Wilkołaz Wieś
0%
Wilkoszewice
0%
Wipsowo
0%
Wisłoczanka
0%
Wiśniowa
0%
Wistka
0%
Wkra
0%
Włosienica
0%
Wójcice
0%
Wojsław
0%
Wola Bierwiecka
0%
Wola Lipieniecka
0%
Wola Łużańska
0%
Wolanów
0%
Wola Rowska
0%
Wola Rzędzińska
0%
Wolbórka
0%
Wolenice
0%
Wólka Kańska
0%
Wólka Niedzieliska
0%
Wólka Orłowska
0%
Wólka Plebańska
0%
Wólka Ratowiecka
0%
Wołowno
0%
Wróblik Szlachecki
0%
Wrocławki
0%
Wrząca Pomorska
0%
Wudzyn
0%
Wydartowo
0%
Wydminy
0%
Wygoda
0%
Wysoczany
0%
Wyszków Śląski
0%
Zabiele
0%
Zabiele Wielkie
0%
Zabieżki
0%
Żabi Róg
0%
Zaborów
0%
Zaborów Błonia
0%
Zaborze
0%
Zabrze Maciejów
0%
Zaczernie
0%
Zagnańsk
0%
Zagórze Śląskie
0%
Zagrody
0%
Zagrody Kościół
0%
Zajezierce
0%
Zajezierze koło Dęblina
0%
Zaklików Miasto
0%
Zakrzewo Złotowskie
0%
Zakrzów Sarnowo
0%
Zalesie Krasieńskie
0%
Żalno
0%
Załuż
0%
Zamek Bulowicki
0%
Zaosie
0%
Zarębki
0%
Żarnowa
0%
Zarośle
0%
Zarszyn
0%
Zarzecze
0%
Zastocze
0%
Zawadówka
0%
Zbydniów
0%
Zdrody Nowe
0%
Zelczyna
0%
Żelisławice
0%
Żelisławie Pomorskie
0%
Zielone Wzgórza
0%
Zielonka Pasłęcka
0%
Zimnochy
0%
Złojec
0%
Złotniki Kujawskie
0%
Żółtnica
0%
Żółwino
0%
Zubrzyk
0%
Żugienie
0%
Żulin
0%
Żurawica Osobowa
0%
Żurawica Rozrządowa
0%
Żurawnica
0%
Życzyn
0%
Żytkowice
0%
Nie znaleziono quizów pasujących do podanych kryteriów
Rozkład punktacji
Procent ludzi z każdym wynikiem
Percentyl według liczby udzielonych odpowiedzi
Twoja historia wyników
Nie rozwiązałeś tego quizu